000 00789nac a22002537a 4500
001 BR0901517
003 BR-BrBNA
005 20240105123728.0
008 230509b bl.|||m| |||| 00| 0 por d
040 _aBR-BrBNA
_bpor
_cBiblioteca Nacional de Agricultura
072 _aA50
090 _a5214 BR0901517
100 1 _aArcuri, P.B.
100 1 _aPassos, L.P.
110 1 _aEMBRAPA Gado de Leite, Juiz de Fora, MG (Brasil)
245 1 _aRelação de projetos de pesquisa 2004-2008
260 3 _aJuiz de Fora, MG (Brasil):
_c2008.
300 _ap. 10-22
490 _aDocumentos - EMBRAPA Gado de Leite (Brazil)
_vno. 127
_xISSN 1516-7453
650 _aGADO LEITEIRO
650 _aPROJETO DE PESQUISA
909 _a202312
_bLúcia Elande
_c55
_dLúcia Elande
942 _2AGRIS
_n0
_cMS
999 _c296738
_d296738